Log on to computer applications 10 / (Record no. 22369)

MARC details
000 -LEADER
fixed length control field 00918nam a22002537a 4500
008 - FIXED-LENGTH DATA ELEMENTS--GENERAL INFORMATION
fixed length control field 090123t xxu||||| |||| 00| 0 eng d
010 ## - LCCN (DPL NO)
LC control number ENG-92593
020 ## - INTERNATIONAL STANDARD BOOK NUMBER
Terms of availability 150.00
International Standard Book Number 9788125922100
020 ## - INTERNATIONAL STANDARD BOOK NUMBER
Terms of availability 150.00
International Standard Book Number 8125922105
035 ## - SYSTEM CONTROL NUMBER
System control number EN-76126
037 ## - SOURCE OF ACQUISITION
Source of stock number/acquisition DBAD / PUB
040 ## - CATALOGING SOURCE
Original cataloging agency dpl
Language of cataloging English
082 ## - DEWEY DECIMAL CLASSIFICATION NUMBER
Classification number 005.3
100 ## - MAIN ENTRY--PERSONAL NAME
Personal name Aggarwal, Meera
245 ## - TITLE STATEMENT
Title Log on to computer applications 10 /
Statement of responsibility, etc by Meera Aggarwal [and] Manjeet Jauhar
250 ## - EDITION STATEMENT
Edition statement rev. ed
260 ## - PUBLICATION, DISTRIBUTION, ETC. (IMPRINT)
Place of publication, distribution, etc New Delhi
Name of publisher, distributor, etc Madhubun Educational Books
Date of publication, distribution, etc 2007
270 ## - ADDRESS
Address 576, Masjid Road, Jangpura
City New Delhi
Postal code 110014
300 ## - PHYSICAL DESCRIPTION
Extent 320p.
Dimensions 24m (pbk)
650 ## - SUBJECT ADDED ENTRY--TOPICAL TERM
Source of heading or term computer software.
700 ## - ADDED ENTRY--PERSONAL NAME
Personal name Jauhar, Manjeet
942 ## - ADDED ENTRY ELEMENTS (KOHA)
Source of classification or shelving scheme Dewey Decimal Classification
Item type English Books
Call number suffix AGG
Classification part 005.3
Holdings
Withdrawn status Lost status Source of classification or shelving scheme Damaged status Not for loan Collection code Home library Current library Date acquired Source of acquisition Cost, normal purchase price Total Checkouts Full call number Barcode Date last seen Copy number Cost, replacement price Koha item type
    Dewey Decimal Classification   Not For Loan Non-fiction D.B.Act.Division D.B.Act.Division 23/01/2009 DBAD / PUB 150.00   005.3 AGG EN-76126 23/01/2009 1 150.00 English Books

© Delhi Public Library
Hit Counter
free hit counter